Saberes transatlánticos : Barcelona y Buenos Aires : conexiones, confluencias, comparaciones (1850-1940) /
שמור ב:
| Main Authors: | , |
|---|---|
| מחברים אחרים: | |
| פורמט: | אלקטרוני ספר אלקטרוני |
| שפה: | ספרדית |
| יצא לאור: |
Aranjuez (Madrid) :
Ediciones Doce Calles,
[2017]
|
| נושאים: | |
| גישה מקוונת: | Digitalia Hispánica |
| תגים: |
הוספת תג
אין תגיות, היה/י הראשונ/ה לתייג את הרשומה!
|
MARC
| LEADER | 00000nam a2200000Ii 4500 | ||
|---|---|---|---|
| 001 | DIGDOCEC0177 | ||
| 003 | NyNyDIG | ||
| 006 | m o d | ||
| 007 | cr ||||||||||| | ||
| 008 | 241203s2017 sp ob 001 0 spa d | ||
| 035 | |a (OCoLC)1478204197 | ||
| 040 | |a DGITA |b eng |e rda |e pn |c DGITA | ||
| 020 | |z 9788497442251 | ||
| 043 | |a e-sp--- |a s-ag--- | ||
| 050 | 1 | 4 | |a DP402.B3 ebook |
| 245 | 0 | 0 | |a Saberes transatlánticos : |b Barcelona y Buenos Aires : conexiones, confluencias, comparaciones (1850-1940) / |c Álvaro Girón, Olivier Hochadel y Gustavo Vallejo (eds.). |
| 264 | 1 | |a Aranjuez (Madrid) : |b Ediciones Doce Calles, |c [2017] | |
| 300 | |a 1 online resource. | ||
| 336 | |a text |b txt |2 rdacontent | ||
| 337 | |a computer |b c |2 rdamedia | ||
| 338 | |a online resource |b cr |2 rdacarrier | ||
| 347 | |a text file |2 rdaft | ||
| 347 | |b PDF | ||
| 504 | |a Includes bibliographical references and index. | ||
| 588 | 0 | |a Online resource; title from PDF title page (Digitalia, viewed December 3, 2024) | |
| 651 | 0 | |a Barcelona (Spain) |x Relations |z Argentina |z Buenos Aires |x History. | |
| 651 | 0 | |a Buenos Aires (Argentina) |x Relations |z Spain |z Barcelona |x History. | |
| 700 | 1 | |a Girón Sierra, Alvaro, |e author, |e editor. | |
| 700 | 1 | |a Hochadel, Oliver, |d 1968- |e editor. | |
| 700 | 1 | |a Vallejo, Gustavo, |e author, |e editor. | |
| 791 | 2 | |a Digitalia (Firm), |e distributor. | |
| 793 | 0 | |g Digitalia eBook Collection: |a Ediciones Doce Calles | |
| 776 | 0 | 8 | |i Print version: |t Saberes transatlánticos. |d Aranjuez (Madrid) : Ediciones Doce Calles, [2017] |z 9788497442251 |
| 856 | 4 | 0 | |3 Digitalia Hispánica |u https://digitalia.unach.elogim.com/a/163217/ |
| 910 | |a Premium collection: 2024 | ||